| 000 | 004380000a22001810004500 | ||
|---|---|---|---|
| 005 | 20120302060857.0 | ||
| 942 | _cBOOK | ||
| 100 | _a Ramachandran,R.K. | ||
| 245 | _a Toxicology and Human life | ||
| 260 | _aDelhi:DESIDOC ,1989 | ||
| 300 | _av;73P | ||
| 490 | _aPopular science and technology series | ||
| 040 | _aENG | ||
| 365 | _bRs. | ||
| 650 | _aTexicology | ||
| 650 | _aHuman life | ||
| 650 | _aTexicology-Political conflicts | ||
| 999 |
_c352411 _d352408 |
||